Ética para amador /

Guardado en:
Autor Principal: Savater, Fernando
Formato: Libro
Publicado: Barcelona : Ariel, 2004
Materias:
Etiquetas: Agregar Etiqueta
Sin Etiquetas, Sea el primero en etiquetar este registro!
LEADER 00514nam a22001935a 4500
001 CEM.cems017363
008 130507s2004##################000#0#####d
005 20211215194042.0
003 CEMS
245 1 0 |a Ética para amador /  |c Fernando Savater. 
260 |a Barcelona :  |b Ariel,  |c 2004 
300 |a 191 p. 
020 |a 8434444704 
100 1 |a Savater, Fernando 
082 0 4 |a 170 
653 |a Adolescencia-ética 
653 |a Ética 
653 |a Filosofía 
859 |a CEMS  |b BIB. CEMS - Agricultura  |h 170  |i Sa937  |p A0630.06  |t Ej.1